000 00365nam a22001577a 4500
003 SGT
020 _a978-93-5696-812-7
082 _a611
_bPUS
100 _aPUSHPALATHA, K.
245 _aINDERBIR SINGH'S TEXTBOOK OF HUMAN HISTOLOGY
250 _a11TH
260 _aINDIA
_bJAYPEE PUB.
_c2025
300 _a351
650 _aHUMAN HISTOLOGY
942 _2ddc
_cBK
999 _c33043
_d33043